| Registos Bibliográficos associados ao registo de autoridade |
|
Etiqueta de registo: 00557cam 2200193 450 001 463470 003 http://id.bnportugal.gov.pt/bib/catbnp/463470 005 19990101000000.0 095 ## $aPTBN00666016 100 ## $a19941021d1754 m y0pory0103 ba 101 0# $afre 102 ## $aFR 200 1# $aMémoires de la minorité de Louis XIV 210 #9 $aA Trevoux$c[s.n.],$d1754 215 ## $a2 v. 620 ## $dTrevoux 702 #0 $aD. L. R.,$cDuque$4070$3150343 801 #0 $aPT$bBN$gRPC 856 42 $zPágina de título$uhttp://patrimonia.porbase.org/hg-6555-p/hg-6555-p_y-01_rosto_t24-C-R0150.jpg$2Página de título 930 ## $lBN$mAG$dH.G. 6555-56 P.$jT. 1-2 966 ## $dT. 1$lBN$mFGMON$sH.G. 6555 P. 966 ## $dT. 2$lBN$mFGMON$sH.G. 6556 P. 997 ## $aBIBEOD
Etiqueta de registo: 00000nam 2200025 450 001 1936555 003 http://id.bnportugal.gov.pt/bib/catbnp/1936555 010 ## $a978-989-95460-4-2 021 ## $aPT$b351246/12 100 ## $a20160713e20151770m y0pory01030103ba 101 0# $apor 102 ## $aPT 105 ## $ah z 000by 106 ## $ar 200 1# $a O estrangeiro namorado$eentremezes do século XVIII$fD. L. R.$ged. José Camões, Bruno Henriques, Ariadne Nunes 205 ## $a1ª ed 210 #9 $aLisboa$cCentro de Estudos de Teatro,$d2015 215 ## $a207, [3] p.$d21 cm 324 ## $aFacsímile da edição de Lisboa : Na Officina de Caetano Ferreira da Costa, 1770 675 ## $a821.134.3-22"17"$vBN$zpor$3355273 675 ## $a094.5$vBN$zpor$31445417 700 #0 $aD. L. R.,$cDuque$3150343 702 #1 $aCamões,$bJosé,$f1958-$4340$329151 702 #1 $aHenriques,$bBruno$4340$31514337 702 #1 $aNunes,$bAriadne Prata Arsénio$4340$31603959 712 02 $aUniversidade de Lisboa.$bFaculdade de Letras.$bCentro de Estudos de Teatro$4340$31182164 801 #0 $aPT$bBN$gRPC 856 41 $uhttp://rnod.bnportugal.gov.pt/ImagesBN/winlibimg.aspx?skey=&doc=1936555&img=79269&save=true 900 ## $aBIBNAC$d20160812 966 ## $lBN$mFGMON$sL. 136202 V.$x1 966 ## $lBN$mFGMON$sL. 136202 V.-D$x1
Etiqueta de registo: 00584cam 2200193 450 001 256408 003 http://id.bnportugal.gov.pt/bib/catbnp/256408 100 ## $a19910218d1772 k y0pory01030103ba 101 0# $apor 102 ## $aPT 105 ## $ay z 000yy 106 ## $ar 200 1# $aComedia nova non plus ultra amar por força de estrella hum portuguez em Hungria$fpor D. L. R. 210 #9 $aLisboa$cNa Officina de Manoel Coelho Amado,$d1772 215 ## $a32 p. a 2 coln.$d21 cm 300 ## $aPersonagens: Luiz, Laura, Serafina, Otão, Carlos, Cintio, Mathias, Filisberto, Feniza,
Memorim 307 ## $aAssin.: A-D//4 317 ## $aConservatório Nacional$5PTBN: C.N. 858 P. 517 1# $aAmar por força de estrella 517 1# $a Hum portuguez em Hungria 518 1# $aAmar por força de estrela um português na Hungria 518 1# $aComédia nova non plus ultra Amar por força de estrela um português na Hungria 606 ## $aTeatro$yPortugal$2SIPOR$38708 606 ## $aLibretos$2SIPOR$3162053 620 ## $dLisboa 675 ## $a821.134.3$vBN$zpor$3455613 700 #0 $aD. L. R.,$cDuque$3150343 702 #1 $aAmado,$bManuel Coelho,$ffl. 1747-1777$4610$385431 702 #1 $aCordeiro,$bJacinto,$f1606-1646$4100$350411 712 01 $aPortugal.$bConservatório Nacional.$bEscola de Música$4390$31172174 801 #0 $aPT$bBN$gRPC 856 40 $2Cópia digital disponível na Biblioteca Teatro Nacional D. Maria II$uhttps://biblioteca.tndm.pt/Publica/pdf/COR/TNDM_FG_016352_0000_capa-capa_t24-C-R0150.pdf 930 ## $lBN$dF. 5082$iMicrofilme 966 ## $lBN$mFGMON$sL. 2157//15 A. 966 ## $lBN$mMICROF$nMicrofilme$sF. 5082 966 ## $lBN$mMUSICA$pConservatório Nacional$sC.N. 858 P. $x7 976 ## $d20260622$rjamaral 997 ## $aBIBEOD
|
|
|